Flowing water fish culture

Saved in:
Bibliografiske detaljer
Hovedforfatter: Soderberg, Richard W (Author)
Format: Bog
Sprog:engelsk
Udgivet: Boca Ratón Lewis Publishers 1995
Udgivelse:1a. ed
Fag:
Tags: Tilføj Tag
Ingen Tags, Vær først til at tagge denne postø!

MARC

LEADER 00000cam a2200000 a 4500
001 UCZ6279
003 CL-VaPUC
008 951205e19950000US |||||||||||||||||eng|d
020 |a 1566700817 
082 0 4 |a 639.313  |b SOD  |2 21 
100 0 |a Soderberg, Richard W  |e author  |9 350528 
245 1 0 |a Flowing water fish culture 
250 |a 1a. ed 
300 |a 147 p 
942 |c BK 
945 |d 19951205 00:00:00  |a rleighto 
260 |a Boca Ratón  |b Lewis Publishers  |c 1995 
650 0 |a Cultivo de peces  |9 350529 
650 0 |a Abastecimiento de agua  |9 260374 
650 0 |a Acuicultura  |9 258883 
650 7 |a OXIGENO EN EL AGUA  |2 CL-VaPUC  |9 350530 
583 |a last modification  |c 20170406 01:24:22  |k Rodrigo Vera 
999 |c 242498  |d 242496 
952 |0 0  |1 0  |4 0  |6 639_313000000000000_SOD_1995  |7 0  |8 R  |9 255510  |a BIBRNT  |b BIBRNT  |d 2019-11-19  |i 315873K  |o 639.313 SOD 1995  |p 315873K  |r 2019-11-19  |w 2019-11-19  |y BK_R  |k CIM 
952 |0 0  |1 0  |4 0  |6 639_313000000000000_SOD_1995  |7 0  |8 CCM  |9 255511  |a BIBCUR  |b BIBCUR  |d 2019-11-19  |i 4470826  |o 639.313 SOD 1995  |p 4470826  |r 2025-04-22  |w 2019-11-19  |y BK_R  |k CIM 
952 |0 0  |1 0  |4 0  |6 639_313000000000000_SOD_1995  |7 0  |8 CCM  |9 255512  |a BIBCUR  |b BIBCUR  |d 2019-11-19  |i 4470834  |o 639.313 SOD 1995  |p 4470834  |r 2025-04-22  |w 2019-11-19  |y BK_R  |k CIM 
952 |0 0  |1 0  |4 0  |6 639_313000000000000_SOD_1995  |7 0  |8 CCM  |9 255513  |a BIBCUR  |b BIBCUR  |d 2019-11-19  |i 4896858  |l 1  |o 639.313 SOD 1995  |p 4896858  |r 2025-04-22  |s 2024-10-16  |w 2019-11-19  |y BK_R  |k CIM